| 000 | 00951nam a2200289 i 4500 | ||
|---|---|---|---|
| 003 | EG-GICUC | ||
| 005 | 20260501095524.0 | ||
| 008 | 260501s1928 uk ||||fr|||| 00| 0 eng d | ||
| 040 |
_aEG-GiCUC _beng _cEG-GiCUC _dEG-GiCUC _eRda |
||
| 082 | 0 | 4 |
_221 _a343.623 _bMY . T |
| 092 | 0 | 4 | _221 |
| 099 | _aLaw1 10 343.623 MY . T 1928 | ||
| 100 | 1 |
_aMyers,Charles S. _eAuthor. |
|
| 245 |
_aA Text-book Of Experimental Psychology With Laboratory Exercises. _nPart I : _pText-book/ _cCharles S. Myers. |
||
| 250 | _aThird Edition | ||
| 264 | 1 |
_aCambridge: _bThe University Press, _c1928. |
|
| 300 |
_a344 page ; _c 24 cm. |
||
| 336 |
_2rda contenu _a texte |
||
| 337 |
_2rda medias _aOrdinateur |
||
| 338 |
_2 transporteur rda _a Ressource en ligne |
||
| 546 | _aText in English | ||
| 650 | 1 | _aCriminal Law | |
| 650 | 1 | _aPsychological Approach | |
| 856 | 4 | 0 | _uhttps://fll.law.cu.edu.eg/fulltext/bks/B10-11231.pdf |
| 905 | _a59 | ||
| 942 |
_2ddc _n0 _cBK _e21 |
||
| 999 |
_c74614 _d74614 |
||